| 000 -LEADER |
| fixed length control field |
00904nam a22002177a 4500 |
| 003 - CONTROL NUMBER IDENTIFIER |
| control field |
OSt |
| 005 - DATE AND TIME OF LATEST TRANSACTION |
| control field |
20260127153631.0 |
| 008 - FIXED-LENGTH DATA ELEMENTS--GENERAL INFORMATION |
| fixed length control field |
230719b ||||| |||| 00| 0 eng d |
| 040 ## - CATALOGING SOURCE |
| Transcribing agency |
SSBUL |
| 041 ## - LANGUAGE CODE |
| Language code of text/sound track or separate title |
Shan |
| 082 ## - DEWEY DECIMAL CLASSIFICATION NUMBER |
| Edition number |
23 |
| Classification number |
294.34 |
| 100 0# - MAIN ENTRY--PERSONAL NAME |
| Personal name |
ဝိၸိတ်တထမ်မ၊ |
| Titles and words associated with a name |
ပေႃႈမုၼ်ထီး။ |
| 245 10 - TITLE STATEMENT |
| Title |
ပေႃထိပၵ်ၶိယ 37 - ပိၵ်ႇထမ်းဢရိယႃႇၸဝ်ႈ မိၼ်ၶဝ်ႈၼိပ်ႉပၢၼ်ႇ / |
| 260 ## - PUBLICATION, DISTRIBUTION, ETC. |
| Place of publication, distribution, etc. |
မိူင်းၵွၵ်ႇ၊ |
| Name of publisher, distributor, etc. |
ႁူင်းဢိတ်ႇလိၵ်ႈ ထႆးရၢႆးၵၢၼ်ၽိမ်း၊ |
| Date of publication, distribution, etc. |
2007 ။ |
| 300 ## - PHYSICAL DESCRIPTION |
| Extent |
81 ၼႃႈ၊ |
| Other physical details |
ပႃးႁၢင်ႈ(သီ)၊ |
| Dimensions |
21 ၸိၼ်ႇတီႇ။ |
| 500 ## - GENERAL NOTE |
| General note |
S-SAT: Dr. Prof Sai Aung Tun |
| 650 ## - SUBJECT ADDED ENTRY--TOPICAL TERM |
| Topical term or geographic name entry element |
သတိတြႃး |
| 942 ## - ADDED ENTRY ELEMENTS (KOHA) |
| Koha item type |
Books (Long term) |
| 100 0# - MAIN ENTRY--PERSONAL NAME |
| 9 (RLIN) |
28146 |
| 650 ## - SUBJECT ADDED ENTRY--TOPICAL TERM |
| 9 (RLIN) |
23123 |
|
| Source of classification or shelving scheme |
|
|
| Source of classification or shelving scheme |
|